[Event "WEM MT 2016"]
[Site "?"]
[Date "2016.09.04"]
[Round "9.9"]
[White "Kunert, Günter"]
[Black "Amos, Frank"]
[Result "0-1"]
[WhiteElo "2032"]
[BlackElo "2075"]
[PlyCount "76"]
[EventDate "2016.??.??"]
[WhiteTeam "SV Dicker Turm Esslingen"]
[BlackTeam "SK Lauffen"]

1. e4 e5 2. Nf3 Nc6 3. Bb5 Bc5 4. O-O Nf6 5. d3 d6 6. c3 O-O 7. Nbd2 a6 8. Ba4
Ba7 9. h3 Ne7 10. Re1 b5 11. Bc2 c5 12. Nf1 Ne8 13. Ng3 f5 14. Bb3+ Kh8 15. Ng5
c4 16. dxc4 f4 17. Nf1 Ng6 18. Nf3 Nh4 19. cxb5 axb5 20. N1h2 Qb6 21. Qd2 Nxf3+
22. Nxf3 Bb7 23. Re2 h6 24. Bd5 Bxd5 25. Qxd5 Nf6 26. Qd3 g5 27. Bd2 Rg8 28. a4
g4 29. hxg4 Nxg4 30. Be1 Qd8 31. Rd1 Rg6 32. axb5 Qe7 33. Kf1 Rag8 34. Rc2 Qg7
35. Nh4 Nh2+ 36. Ke2 Rxg2 37. Nxg2 Qxg2 38. Kd2 Be3+ 0-1

[Event "WEM MT 2016"]
[Site "?"]
[Date "2016.09.04"]
[Round "9.10"]
[White "Koch, Martin"]
[Black "Latzke, Boris"]
[Result "1/2-1/2"]
[WhiteElo "2059"]
[BlackElo "2218"]
[PlyCount "94"]
[EventDate "2016.??.??"]
[WhiteTeam "SC Botnang"]
[BlackTeam "SK Bebenhausen"]

1. e4 e5 2. Nf3 Nc6 3. Bb5 Nf6 4. O-O Nxe4 5. Re1 Nd6 6. Nxe5 Be7 7. Bf1 Nxe5
8. Rxe5 O-O 9. Nc3 Ne8 10. d4 Bf6 11. Re1 d5 12. Bf4 c6 13. Be5 Bf5 14. Bd3
Bxd3 15. Qxd3 Bxe5 16. Rxe5 Nd6 17. b3 f6 18. Re3 Qd7 19. Rae1 Rae8 20. Rxe8
Rxe8 21. Rxe8+ Qxe8 22. Qe2 Qd7 23. Na4 Kf8 24. f3 Qf5 25. Nc5 Kf7 26. Nd3 Nb5
27. Qe3 Qe6 28. Kf2 Qd6 29. a4 Nc7 30. Qf4 Qxf4 31. Nxf4 Ke7 32. Ke3 Ne8 33. g4
Nc7 34. h4 a5 35. c3 b5 36. Nd3 bxa4 37. bxa4 Na8 38. Nc5 Nb6 39. f4 Nc4+ 40.
Ke2 Nd6 41. Ke3 f5 42. g5 g6 43. Kd3 Nc4 44. Ke2 Nb2 45. Kd2 Nc4+ 46. Ke2 Nb6
47. Ke3 Nc4+ 1/2-1/2

[Event "WEM MT 2016"]
[Site "?"]
[Date "2016.09.04"]
[Round "9.11"]
[White "Tschlatscher, Thomas"]
[Black "Wendler, Werner"]
[Result "1-0"]
[WhiteElo "2092"]
[BlackElo "2062"]
[PlyCount "91"]
[EventDate "2016.??.??"]
[WhiteTeam "Heilbronner SV"]
[BlackTeam "SK Bebenhausen"]

1. b3 d5 2. Bb2 c5 3. e3 a6 4. Nf3 Nc6 5. Be2 f6 6. d4 e6 7. O-O Nh6 8. c4 b6
9. cxd5 exd5 10. Nc3 Be6 11. dxc5 Bxc5 12. Na4 Qe7 13. Nxc5 bxc5 14. Rc1 O-O
15. Qc2 c4 16. bxc4 Nb4 17. Qa4 Rfb8 18. Nd4 Bd7 19. Qa5 dxc4 20. Bxc4+ Kh8 21.
Ba3 Ra7 22. Rb1 Rab7 23. Bxa6 Rb6 24. Be2 Bg4 25. Bxg4 Nxg4 26. Bxb4 Rxb4 27.
Rxb4 Qxb4 28. Qxb4 Rxb4 29. Ra1 Ra4 30. a3 Kg8 31. Nc2 Kf7 32. f3 Ne5 33. Kf1
g5 34. Ke2 h5 35. Kd2 h4 36. h3 f5 37. Kc3 g4 38. f4 Nd7 39. hxg4 fxg4 40. Rh1
h3 41. gxh3 gxh3 42. Rxh3 Kf6 43. Rh5 Kg6 44. Rg5+ Kf6 45. Kb3 Ra8 46. a4 1-0

[Event "WEM MT 2016"]
[Site "?"]
[Date "2016.09.04"]
[Round "9.12"]
[White "Behrendt, Clemens"]
[Black "Engelhart, Achim"]
[Result "1/2-1/2"]
[WhiteElo "2129"]
[BlackElo "2131"]
[PlyCount "22"]
[EventDate "2016.??.??"]
[WhiteTeam "SC Böblingen"]
[BlackTeam "SV Jedesheim"]

1. Nf3 c5 2. g3 Nc6 3. Bg2 e5 4. e4 g6 5. O-O Bg7 6. Nc3 Nge7 7. d3 O-O 8. Be3
d6 9. Qd2 a6 10. a4 Rb8 11. h4 h5 1/2-1/2

[Event "WEM MT 2016"]
[Site "?"]
[Date "2016.08.27"]
[Round "1.1"]
[White "Gheng, Josef"]
[Black "Gabriel, Robert"]
[Result "0-1"]
[WhiteElo "2319"]
[BlackElo "2170"]
[PlyCount "106"]
[EventDate "2016.??.??"]
[WhiteTeam "SC Erdmannhausen"]
[BlackTeam "Stuttgarter SF"]

1. c4 c5 2. Nf3 e6 3. Nc3 Nf6 4. g3 Nc6 5. Bg2 d5 6. cxd5 exd5 7. d4 Be7 8. O-O
O-O 9. a3 c4 10. Bg5 h6 11. Bxf6 Bxf6 12. e3 Rb8 13. b3 b5 14. Nxd5 Qxd5 15.
Ne5 Qd6 16. Nxc6 Rb6 17. Nb4 cxb3 18. Qxb3 Be6 19. Qb2 a5 20. Nd3 Bc4 21. Rfd1
Rc8 22. Qd2 Ra6 23. Bb7 Rd8 24. Nb2 Bd5 25. Bxd5 Qxd5 26. Rdc1 Be7 27. Nd3 h5
28. Nf4 Qd7 29. h4 b4 30. axb4 Bxb4 31. Qe2 Rc6 32. Qxh5 Rxc1+ 33. Rxc1 a4 34.
Nd3 Bd6 35. Qa5 Rb8 36. Qd5 a3 37. Kg2 Qe7 38. Rc6 Rd8 39. Ne5 Bxe5 40. Qxe5
Qb7 41. d5 a2 42. h5 Ra8 43. Rc7 Qb1 44. Qe7 a1=Q 45. Qxf7+ Kh8 46. Kh3 Qe4 47.
f4 Qf3 48. Kh4 Qah1+ 49. Kg5 Qxg3+ 50. Kf5 Qhh3+ 51. Ke5 Qxe3+ 52. Kd6 Qb6+ 53.
Ke5 Qhe3+ 0-1

[Event "WEM MT 2016"]
[Site "?"]
[Date "2016.08.27"]
[Round "1.3"]
[White "Kabisch, Thilo"]
[Black "Behrendt, Clemens"]
[Result "1-0"]
[WhiteElo "2292"]
[BlackElo "2129"]
[PlyCount "35"]
[EventDate "2016.??.??"]
[WhiteTeam "SK Schmiden/Cannstatt"]
[BlackTeam "SC Böblingen"]

1. e4 d5 2. Nc3 dxe4 3. Nxe4 Nc6 4. Nf3 Bg4 5. h3 Bxf3 6. Qxf3 Qd5 7. c3 O-O-O
8. Be2 h6 9. O-O Kb8 10. d4 e5 11. Be3 exd4 12. cxd4 Nge7 13. Rac1 f5 14. Nc5
g5 15. g3 Rd6 16. Rfd1 Bg7 17. Qh5 Rf8 18. Bc4 1-0

[Event "WEM MT 2016"]
[Site "?"]
[Date "2016.08.27"]
[Round "1.4"]
[White "Jaeschke, Armin"]
[Black "Hirneise, Jens"]
[Result "0-1"]
[WhiteElo "2122"]
[BlackElo "2271"]
[PlyCount "90"]
[EventDate "2016.??.??"]
[WhiteTeam "SC Ostfildern"]
[BlackTeam "SF Deizisau"]

1. d4 Nf6 2. c4 g6 3. Nc3 Bg7 4. Nf3 O-O 5. Bg5 c5 6. e3 Qa5 7. Qd2 Na6 8. Be2
d6 9. O-O Qd8 10. Rad1 Bf5 11. Qc1 Ne4 12. Nxe4 Bxe4 13. Nd2 Bc6 14. d5 Bd7 15.
f4 Qb6 16. b3 Nb4 17. Qb1 Qa5 18. a4 Rae8 19. g4 f5 20. gxf5 Bxf5 21. e4 Bh3
22. Rf2 h6 23. Bh4 Bd4 24. Nf3 Be3 25. e5 Kh7 26. Bg3 Bf5 27. Qb2 dxe5 28. Qxe5
Bxf2+ 29. Kxf2 Na2 30. Bd3 Qb4 31. Bxf5 Rxf5 32. Qe3 Qc3 33. Rd3 Qc1 34. Qe6
Nb4 35. Re3 Qb2+ 36. Re2 Nd3+ 37. Kg2 Qf6 38. d6 Qxe6 39. Rxe6 Kg7 40. d7 Rd8
41. Nh4 Nxf4+ 42. Bxf4 Rxf4 43. Kg3 Rxh4 44. Rxe7+ Kf8 45. Re8+ Rxe8 0-1

[Event "WEM MT 2016"]
[Site "?"]
[Date "2016.08.27"]
[Round "1.5"]
[White "Namyslo, Holger"]
[Black "Maisch, Julian"]
[Result "0-1"]
[WhiteElo "2278"]
[BlackElo "2113"]
[PlyCount "70"]
[EventDate "2016.??.??"]
[WhiteTeam "TG Biberach"]
[BlackTeam "SF Kornwestheim"]

1. e4 c5 2. Nf3 e6 3. d4 cxd4 4. Nxd4 Nc6 5. Nc3 Qc7 6. Ndb5 Qb8 7. Be3 a6 8.
Bb6 axb5 9. Nxb5 Bb4+ 10. c3 Ba5 11. Nc7+ Qxc7 12. Bxc7 Bxc7 13. Qg4 g6 14. f4
Nge7 15. Bd3 e5 16. fxe5 Nxe5 17. Qe2 O-O 18. O-O d6 19. Bb5 Be6 20. a4 Rad8
21. c4 Bb6+ 22. Kh1 N7c6 23. Rad1 Bg4 24. Qc2 Bxd1 25. Qxd1 Nb4 26. h3 Bc5 27.
b3 Rc8 28. Qd2 Kg7 29. Rf4 Nbd3 30. Rf1 Rc7 31. g4 f6 32. Kg2 Rcf7 33. Kg3 h6
34. Kh2 Rh8 35. Rb1 Nf3+ 0-1

[Event "WEM MT 2016"]
[Site "?"]
[Date "2016.08.27"]
[Round "1.6"]
[White "Tschlatscher, Thomas"]
[Black "Neyman, Igor"]
[Result "1/2-1/2"]
[WhiteElo "2092"]
[BlackElo "2271"]
[PlyCount "55"]
[EventDate "2016.??.??"]
[WhiteTeam "Heilbronner SV"]
[BlackTeam "Stuttgarter SF"]

1. b3 d5 2. Bb2 c5 3. e3 Nf6 4. Nf3 Nc6 5. Bb5 Bd7 6. O-O a6 7. Bxc6 Bxc6 8.
Ne5 Rc8 9. d3 g6 10. Nd2 Bg7 11. Qe2 O-O 12. Nxc6 Rxc6 13. a4 Ne8 14. Bxg7 Nxg7
15. Rae1 e5 16. e4 Re8 17. exd5 Qxd5 18. Qe4 Qxe4 19. Rxe4 f5 20. Re3 Kf7 21.
Rfe1 Rce6 22. Nc4 Kf6 23. a5 g5 24. Nb6 Rd8 25. Na4 Rc8 26. Nb6 Rd8 27. Na4 Rc8
28. Nb6 1/2-1/2

[Event "WEM MT 2016"]
[Site "?"]
[Date "2016.08.27"]
[Round "1.7"]
[White "Zuferi, Enis"]
[Black "Gabriel, Josef"]
[Result "0-1"]
[WhiteElo "2192"]
[BlackElo "2080"]
[PlyCount "80"]
[EventDate "2016.??.??"]
[WhiteTeam "Heilbronner SV"]
[BlackTeam "Stuttgarter SF"]

1. d4 g6 2. e4 Bg7 3. Nc3 d6 4. Be3 a6 5. f4 b5 6. Bd3 Bb7 7. Nf3 Nf6 8. e5 Nd5
9. Nxd5 Bxd5 10. h4 Qd7 11. Qe2 e6 12. h5 Nc6 13. c3 Na5 14. b3 Qc6 15. Bd2
Bxf3 16. gxf3 d5 17. O-O-O Qb6 18. Rdg1 O-O-O 19. f5 exf5 20. Bxf5+ Kb8 21. Bd3
Bf8 22. b4 Nc4 23. hxg6 fxg6 24. Rxg6 hxg6 25. Rxh8 a5 26. Bxc4 bxc4 27. Bg5
Rc8 28. a3 axb4 29. axb4 Kb7 30. Kd1 Qe6 31. Qc2 Ra8 32. Ke2 Qf7 33. Kf2 Ra6
34. Kg3 Ra3 35. Qc1 Bxb4 36. Bd2 Qf5 37. Qb2 Rb3 38. Qa1 Ba3 39. Bc1 Qc2 40.
Bf4 Rb1 0-1

[Event "WEM MT 2016"]
[Site "?"]
[Date "2016.08.27"]
[Round "1.8"]
[White "Pflaum, Stefan"]
[Black "Pogan, Nikolas"]
[Result "1/2-1/2"]
[WhiteElo "2077"]
[BlackElo "2232"]
[PlyCount "98"]
[EventDate "2016.??.??"]
[WhiteTeam "SC Botnang"]
[BlackTeam "Heilbronner SV"]

1. d4 Nf6 2. c4 g6 3. Nc3 Bg7 4. e4 d6 5. f4 O-O 6. Nf3 a6 7. e5 Nfd7 8. Be2 c5
9. exd6 exd6 10. d5 Nf6 11. O-O Re8 12. Bd3 Ng4 13. Re1 Nd7 14. Bd2 Ndf6 15.
Qc2 Nh6 16. Rxe8+ Nxe8 17. Re1 Bg4 18. Ng5 Bd7 19. Nf3 Rb8 20. a4 Bg4 21. Ng5
Nf5 22. Ne2 Bxe2 23. Bxe2 Nd4 24. Qd3 Nxe2+ 25. Qxe2 h6 26. Nf3 Bxb2 27. f5 Bg7
28. fxg6 fxg6 29. Qe6+ Kh7 30. Qh3 Nc7 31. Bg5 Qc8 32. Qh4 h5 33. Re7 Ne8 34.
Bf6 Qf5 35. Bxg7 Nxg7 36. Ng5+ Kg8 37. Nf7 Qb1+ 38. Re1 Qd3 39. Nxd6 Rf8 40.
Qe4 Qd2 41. Rf1 Rxf1+ 42. Kxf1 Qd1+ 43. Kf2 Qd2+ 44. Kf1 Kh7 45. Qe7 Qc1+ 46.
Kf2 Qd2+ 47. Kf1 Qd1+ 48. Kf2 Qd2+ 49. Kf1 Qd1+ 1/2-1/2

[Event "WEM MT 2016"]
[Site "?"]
[Date "2016.08.27"]
[Round "1.10"]
[White "Wendler, Werner"]
[Black "Fischer, Sebastian"]
[Result "1/2-1/2"]
[WhiteElo "2062"]
[BlackElo "2229"]
[PlyCount "73"]
[EventDate "2016.??.??"]
[WhiteTeam "SK Bebenhausen"]
[BlackTeam "TSV Schönaich"]

1. d4 f5 2. c4 Nf6 3. Nc3 e6 4. e3 Bb4 5. Bd2 O-O 6. Bd3 b6 7. Nge2 Bb7 8. f3
Bd6 9. Qc2 c5 10. d5 Na6 11. Nb5 Qe7 12. O-O-O exd5 13. Bxf5 Nb4 14. Bxb4 cxb4
15. Kb1 Bc5 16. Nf4 dxc4 17. Rxd7 Qxd7 18. Bxd7 Nxd7 19. Ne6 Rfc8 20. Qxc4 Ne5
21. Qb3 Kh8 22. Rd1 h6 23. Nd6 Bxd6 24. Rxd6 Ba6 25. Qa4 Bd3+ 26. Rxd3 Nxd3 27.
a3 Rc1+ 28. Ka2 Nc5 29. Nxc5 bxc5 30. Qc6 Rb8 31. axb4 Rxb4 32. Qc8+ Kh7 33.
Qf5+ Kh8 34. Qf8+ Kh7 35. Qf5+ Kg8 36. Qc8+ Kh7 37. Qf5+ 1/2-1/2

[Event "WEM MT 2016"]
[Site "?"]
[Date "2016.08.27"]
[Round "1.12"]
[White "Engelhart, Achim"]
[Black "Weigand, Bernhard"]
[Result "1/2-1/2"]
[WhiteElo "2131"]
[BlackElo "2188"]
[PlyCount "40"]
[EventDate "2016.??.??"]
[WhiteTeam "SV Jedesheim"]
[BlackTeam "SV Nürtingen"]

1. e4 c5 2. Nf3 Nc6 3. d4 cxd4 4. Nxd4 g6 5. c4 Bg7 6. Be3 Nf6 7. Nc3 Ng4 8.
Qxg4 Nxd4 9. Qd1 Ne6 10. Rc1 Qa5 11. a3 d6 12. Be2 Bd7 13. O-O g5 14. Qd2 Be5
15. g3 Rg8 16. Kh1 Bc6 17. f3 h5 18. b4 Qxa3 19. Nd5 b6 20. Rc2 h4 1/2-1/2

[Event "WEM MT 2016"]
[Site "?"]
[Date "2016.08.27"]
[Round "1.13"]
[White "Schmidt, Tobias"]
[Black "Kunert, Günter"]
[Result "1-0"]
[WhiteElo "2174"]
[BlackElo "2032"]
[PlyCount "117"]
[EventDate "2016.??.??"]
[WhiteTeam "SC Erdmannhausen"]
[BlackTeam "SV Dicker Turm Esslingen"]

1. e4 c5 2. Nf3 e6 3. c3 d5 4. exd5 Qxd5 5. d4 Nf6 6. Bd3 Be7 7. O-O Nc6 8. Be3
cxd4 9. cxd4 O-O 10. Nc3 Qa5 11. a3 a6 12. b4 Qc7 13. Rc1 Bd7 14. Ne5 Rfd8 15.
Ne4 Be8 16. Qc2 Nd5 17. Ng5 g6 18. Nef3 Rac8 19. h4 Qd6 20. Ne4 Qb8 21. Qb1 e5
22. dxe5 Nxe5 23. Nxe5 Qxe5 24. Bg5 f5 25. Bxe7 Qxe7 26. Ng5 h6 27. Nf3 Nf4 28.
Bc4+ Kg7 29. Rfe1 Qf6 30. g3 b5 31. Bf1 Ne6 32. Qb3 Bf7 33. Rxc8 Rxc8 34. Ne5
Nd4 35. Qd1 Rd8 36. Qc1 Re8 37. f4 Qb6 38. Qe3 Nf3+ 39. Kf2 Qxe3+ 40. Rxe3 Nd2
41. Bg2 Rd8 42. Bb7 Rd6 43. Rd3 Rxd3 44. Nxd3 Nc4 45. Bxa6 Nxa3 46. Ke3 Nc2+
47. Kd2 Nd4 48. Ne5 Be8 49. Kd3 Ne6 50. Bc8 Nc7 51. Kd4 Kf6 52. Kc5 g5 53.
hxg5+ hxg5 54. Kd6 Na8 55. Bd7 Bf7 56. Kc6 gxf4 57. gxf4 Ke7 58. Nxf7 Kxf7 59.
Kb7 1-0

[Event "WEM MT 2016"]
[Site "?"]
[Date "2016.08.27"]
[Round "1.14"]
[White "Koch, Martin"]
[Black "Mareck, Sascha"]
[Result "1/2-1/2"]
[WhiteElo "2059"]
[BlackElo "2159"]
[PlyCount "24"]
[EventDate "2016.??.??"]
[WhiteTeam "SC Botnang"]
[BlackTeam "SV Nürtingen"]

1. e4 c5 2. c3 Nf6 3. e5 Nd5 4. Nf3 e6 5. Bc4 d6 6. O-O Nc6 7. d4 cxd4 8. cxd4
Nb6 9. Bb3 Be7 10. exd6 Qxd6 11. Nc3 O-O 12. Re1 Nd5 1/2-1/2